| 000 | 01221nac a22002771u 4500 | ||
|---|---|---|---|
| 008 | 100914t xxu||||| |||| 00| 0 eng d | ||
| 010 | _a 81002327 | ||
| 020 | _a0273085123 | ||
| 082 | 0 | 0 |
_a627.0724 _bHOM |
| 100 |
_aAbbott, M.B.[editor] _918993 |
||
| 245 | 0 | 0 |
_aHomage to Alexandre Preissmann / _cEdited by M.B. Abbott and J.A. Cunge ; contributors, M.B. Abbott ... [et al.]. |
| 260 |
_aBoston : _bPitman, _cc1982. |
||
| 300 |
_aix, 262 p. : _bill. ; _c24 cm. |
||
| 490 |
_918991 _aEngineering applications of computational hydraulics; _nv. 1 |
||
| 490 |
_918991 _a [Monographs and surveys in water resources engineering] ; _n5 |
||
| 500 | _a"Pitman advanced publishing program." | ||
| 504 | _aIncludes bibliographies. | ||
| 600 | 1 | 0 |
_aPreissmann, Alexandre, _d1916- _918994 |
| 650 | 0 |
_aHydraulics _xMathematical models. _918995 |
|
| 650 | 0 |
_aHydraulics _xData processing. _918996 |
|
| 700 | 1 |
_aPreissmann, Alexandre, _d1916- _918997 |
|
| 700 | 1 |
_aAbbott, Michael B. _918998 |
|
| 700 | 1 |
_aCunge, J. A. _918999 |
|
| 942 |
_cBB _k627.0724HOM _2ddc |
||
| 999 |
_c3929 _d3929 |
||